Mujeres : (Registro nro. 58568)
[ vista simple ]
| 000 -CABECERA | |
|---|---|
| Longitud fija campo de control | 02849nam a2200529 c 4500 |
| 003 - • IDENTIFICADOR DELl NÚMERO DE CONTROL | |
| Identificador del número de control | CO-BoRNBP |
| 005 - • FECHA Y HORA DE LA ÚLTIMA TRANSACCIÓN | |
| Fecha y hora de la última transacción | 20250826215612.0 |
| 007 - • CAMPO FIJO DE DESCRIPCIÓN FÍSICA | |
| Campo fijo de descripción física | ta |
| 008 - • CÓDIGOS DE INFORMACIÓN DE LONGITUD FIJA | |
| Códigos de información de longitud fija | 210828s2016 ck er dspa d spa |
| 020 ## - • NÚMERO INTERNACIONAL NORMALIZADO PARA LIBROS | |
| Número Internacional Normalizado para Libros (ISBN) | 9789589136911 |
| 040 ## - FUENTE DE LA CATALOGACIÓN | |
| Centro catalogador de origen | CO-BoRNBP |
| Lengua de catalogación | spa |
| Normas de descripción | rda |
| Centro transcriptor | CO-BoRNBP |
| 041 0# - • CÓDIGO DE LENGUA | |
| Código de lengua del texto/banda sonora o título independiente | spa |
| 043 ## - CÓDIGO DE ÁREA GEOGRÁFICA | |
| Código de área geográfica | s-ck--- |
| 082 04 - • NÚMERO DE LA CLASIFICACIÓN DECIMAL DEWEY | |
| Número de clasificación (R) | 305.409861 |
| Número del ítem | V32m |
| Número de edición | 22 |
| 100 ## - • PUNTO DE ACCESO PRINCIPAL-NOMBRE DE PERSONA | |
| Nombre de persona | Vieira Quijano, Constanza |
| Término indicativo de función | aut |
| 245 10 - • TITULO PROPIAMENTE DICHO | |
| Título | Mujeres : |
| Resto del título | paz, política y poder / |
| Mención de responsabilidad, etc. | Constanza Vieira Quijano ; Chila Pineda Arboleda... [y otras doce]. |
| 250 ## - • MENCIÓN DE EDICIÓN | |
| Mención de edición | Edición especial |
| 250 ## - • MENCIÓN DE EDICIÓN | |
| Mención de edición | Primera edición |
| 264 #1 - PRODUCCIÓN, PUBLICACIÓN , DISTRIBUCIÓN, FABRICACIÓN Y COPYRIGHT | |
| Lugar de producción, publicación, distribución, fabricación | Bogotá, Colombia : |
| Nombre del productor, editor, distribuidor, fabricante | Ediciones Aurora, |
| Fecha de de producción, publicación, distribución, fabricación o copyright | 2016 |
| 300 ## - • DESCRIPCIÓN FÍSICA | |
| Extensión | 339 páginas |
| 336 ## - TIPO DE CONTENIDO | |
| Término de tipo de contenido | texto |
| Código de tipo de contenido | txt |
| Fuente | rdacontent |
| 337 ## - TIPO DE MEDIO | |
| Nombre del tipo de medio | sin mediación |
| Código del tipo de medio | n |
| Fuente | rdamedia |
| 338 ## - TIPO DE SOPORTE | |
| Nombre del tipo de soporte | volumen |
| Código del tipo de soporte | nc |
| Fuente | rdacarrier |
| 490 0# - • MENCIÓN DE SERIE | |
| Mención de serie | Entrevistas |
| 500 ## - • NOTA GENERAL | |
| Nota general | Incluye datos biográficos de las autoras en la solapa |
| 505 0# - • NOTA DE CONTENIDO CON FORMATO | |
| Título (R ) | La falla absoluta es la política social |
| Mención de responsabilidad (R ) | Cecilia López |
| Título (R ) | Mujer, negra, rebelde y de izquierda |
| Mención de responsabilidad (R ) | Piedad Córdoba |
| Título (R ) | No podemos dejar seguir dejando al mundo en las manos de los hombres |
| Mención de responsabilidad (R ) | Florence Thomas |
| Título (R ) | Los acuerdos de paz fortalecerán la democracia |
| Mención de responsabilidad (R ) | Clara López |
| Título (R ) | Las mujeres no solo debemos luchar por nuestra liberación sino también por todas las pobrerías |
| Mención de responsabilidad (R ) | Victoria Sandino |
| Título (R ) | Hay que buscar que las leyes pasen del escritorio al territorio |
| Mención de responsabilidad (R ) | Angela María Robledo |
| Título (R ) | Las victimas nunca han escrito su historia |
| Mención de responsabilidad (R ) | Aida Avella |
| Título (R ) | Nosotros somos distintos porque respetamos al otro que es distinto |
| Mención de responsabilidad (R ) | Leonor Zalabata |
| Título (R ) | Uno diría que la violencia, cada diez años, parece que regresa |
| Mención de responsabilidad (R ) | Olga Lucia Quintero |
| Título (R ) | Debemos apuntarle a la paz, sencillamente porque es necesaria |
| Mención de responsabilidad (R ) | María Isabel Urrutia |
| Título (R ) | Una justicia neutra respecto al género, es una justicia que reproduce la discriminación |
| Mención de responsabilidad (R ) | Juanita Barreto |
| Título (R ) | La lucha por la tierra deberá ser tan importante como luchar por la historia de la lucha por la tierra: ahí es donde está la cultura |
| Mención de responsabilidad (R ) | Patricia Ariza |
| 521 1# - • NOTA DE PÚBLICO DESTINATARIO | |
| Nota público destinatario (R ) | Recomendado para un público mayor de 15 años |
| 650 07 - • PUNTO DE ACCESO ADICIONAL DE MATERIA - TÉRMINO DE MATERIA | |
| Término de materia o nombre geográfico como elemento inicial | Derechos de la mujer |
| Fuente del encabezamiento o término | lemb |
| 650 07 - • PUNTO DE ACCESO ADICIONAL DE MATERIA - TÉRMINO DE MATERIA | |
| Término de materia o nombre geográfico como elemento inicial | Educacion de la Mujer |
| Fuente del encabezamiento o término | LEMB |
| 650 07 - • PUNTO DE ACCESO ADICIONAL DE MATERIA - TÉRMINO DE MATERIA | |
| Término de materia o nombre geográfico como elemento inicial | Participación de la mujer |
| Fuente del encabezamiento o término | lemb |
| 650 07 - • PUNTO DE ACCESO ADICIONAL DE MATERIA - TÉRMINO DE MATERIA | |
| Término de materia o nombre geográfico como elemento inicial | Mujeres |
| Subdivisión de materia general | Aspectos políticos |
| -- | Investigaciones |
| Fuente del encabezamiento o término | LEMB |
| 700 ## - • PUNTO DE ACCESO ADICIONAL - NOMBRE DE PERSONA | |
| Nombre de persona | Ariza, Patricia |
| Término indicativo de función | aut |
| 700 ## - • PUNTO DE ACCESO ADICIONAL - NOMBRE DE PERSONA | |
| Nombre de persona | Avella, Aida |
| 700 ## - • PUNTO DE ACCESO ADICIONAL - NOMBRE DE PERSONA | |
| Nombre de persona | Barreto, Juanita |
| 700 ## - • PUNTO DE ACCESO ADICIONAL - NOMBRE DE PERSONA | |
| Nombre de persona | Córdoba, Piedad |
| 700 ## - • PUNTO DE ACCESO ADICIONAL - NOMBRE DE PERSONA | |
| Nombre de persona | López, Cecilia |
| 700 ## - • PUNTO DE ACCESO ADICIONAL - NOMBRE DE PERSONA | |
| Nombre de persona | López, Clara |
| 700 ## - • PUNTO DE ACCESO ADICIONAL - NOMBRE DE PERSONA | |
| Nombre de persona | Pineda Arboleda, Chila |
| Término indicativo de función | aut |
| 700 ## - • PUNTO DE ACCESO ADICIONAL - NOMBRE DE PERSONA | |
| Nombre de persona | Quintero, Olga Lucia |
| 700 ## - • PUNTO DE ACCESO ADICIONAL - NOMBRE DE PERSONA | |
| Nombre de persona | Robledo, Angela María |
| 700 ## - • PUNTO DE ACCESO ADICIONAL - NOMBRE DE PERSONA | |
| Nombre de persona | Sandino, Victoria |
| 700 ## - • PUNTO DE ACCESO ADICIONAL - NOMBRE DE PERSONA | |
| Nombre de persona | Thomas, Florence |
| Término indicativo de función | aut |
| 700 ## - • PUNTO DE ACCESO ADICIONAL - NOMBRE DE PERSONA | |
| Nombre de persona | Urrutia, María Isabel |
| 700 ## - • PUNTO DE ACCESO ADICIONAL - NOMBRE DE PERSONA | |
| Nombre de persona | Zalabata, Leonor |
| Término indicativo de función | aut |
| 942 ## - ENTRADA DE ELEMENTOS AGREGADOS (KOHA) | |
| Fuente de clasificaión o esquema | Dewey Decimal Classification |
| Koha [por defecto] tipo de item | LIbro |
| Perdido | Fuente de clasificación o esquema | Estado Físico | No para préstamo | Forma de adquisición | Localización permanente | Localización actual | Localización en estanterías | Fecha adquisición | Préstamos totales | Signatura completa | Código de barras | Fecha última consulta | Número de copia | Fecha del precio de reemplazo | Tipo de item de Koha |
|---|---|---|---|---|---|---|---|---|---|---|---|---|---|---|---|
| Dewey Decimal Classification | Colección General | Biblioteca Pública Mapiripan - Jorge Eliecer Gaitán | Biblioteca Pública Mapiripan - Jorge Eliecer Gaitán | General | 08/26/2025 | 305.409861 V32m | MPJG00613 | 08/26/2025 | Ej.1 | 08/26/2025 | LIbro |